| 000 | 00708nam a2200253 i 4500 | ||
|---|---|---|---|
| 001 | 67327 | ||
| 003 | ES-MaACL | ||
| 005 | 20250803093547.0 | ||
| 007 | t| | ||
| 008 | 040518s2003 sp a |||| | spa d | ||
| 020 | _a84-95645-18-1 | ||
| 080 | _a088 | ||
| 100 | 1 |
_aCardeñosa, Bruno. _935156 |
|
| 245 | 1 | 0 |
_a100 enigmas del mundo / _cBruno Cardeñosa. |
| 246 | 3 | 3 | _aCien enigmas del mundo |
| 250 | _a1ª ed. | ||
| 260 |
_aMadrid : _bCorona Borealis, _c2003. |
||
| 300 |
_a462 p. : _bil. ; _c21 cm. |
||
| 490 | 1 | _aDescubrir la historia | |
| 650 | 1 | 7 |
_aCuriosidades y maravillas _2embne _911529 |
| 830 | 0 |
_aDescubrir la historia _9193500 |
|
| 852 |
_aES-MaACL _jL-27509 |
||
| 999 |
_c67327 _d67327 |
||